Chính sách Xã hội - Các vấn đề và sự lựa chọn theo hướng phát triển bền vững Sách chuyên khảo dùng cho đào tạo hệ sau đại học ngành/chuyên ngành Quản lý Kinh tế
Gồm 5 chương. Ch.1: Xã hội và chính sách xã hội; Ch.2: Vấn đề chính sách xã hội và sự lựa chọn; Ch.3: Lựa chọn vấn đề chính sách xã hội theo hướng Phát triển bền vững; Ch.4: Phân tích đánh giá lựa chọn vấn đề chính sách xã hội; Ch.5:...
Bewaard in:
| Hoofdauteur: | |
|---|---|
| Andere auteurs: | |
| Formaat: | Boek |
| Taal: | Undetermined |
| Gepubliceerd in: |
H.
Đại học quốc gia Hà Nội
2015
|
| Onderwerpen: | |
| Online toegang: | http://lrc.tdmu.edu.vn/opac/search/detail.asp?aID=2&ID=24809 |
| Tags: |
Voeg label toe
Geen labels, Wees de eerste die dit record labelt!
|
| Thư viện lưu trữ: | Trung tâm Học liệu Trường Đại học Thủ Dầu Một |
|---|
| LEADER | 01458nam a2200229Ia 4500 | ||
|---|---|---|---|
| 001 | TDMU_24809 | ||
| 008 | 210410s9999 xx 000 0 und d | ||
| 082 | |a 361.25 | ||
| 090 | |b PH105 | ||
| 100 | |a Phan, Huy Đường | ||
| 245 | 0 | |a Chính sách Xã hội - Các vấn đề và sự lựa chọn theo hướng phát triển bền vững | |
| 245 | 0 | |b Sách chuyên khảo dùng cho đào tạo hệ sau đại học ngành/chuyên ngành Quản lý Kinh tế | |
| 245 | 0 | |c Phan Huy Đường (chủ biên), Lê Hồng Huyên và [nh.ng. khác] | |
| 260 | |a H. | ||
| 260 | |b Đại học quốc gia Hà Nội | ||
| 260 | |c 2015 | ||
| 300 | |a 349tr. | ||
| 520 | |a Gồm 5 chương. Ch.1: Xã hội và chính sách xã hội; Ch.2: Vấn đề chính sách xã hội và sự lựa chọn; Ch.3: Lựa chọn vấn đề chính sách xã hội theo hướng Phát triển bền vững; Ch.4: Phân tích đánh giá lựa chọn vấn đề chính sách xã hội; Ch.5: Lựa chọn vấn đề chính sách xã hội ở Việt Nam | ||
| 650 | |a Chính sách xã hội |z Việt Nam; Phát triển chính sách xã hội | ||
| 700 | |a Lê, Hồng Huyên | ||
| 856 | |u http://lrc.tdmu.edu.vn/opac/search/detail.asp?aID=2&ID=24809 | ||
| 980 | |a Trung tâm Học liệu Trường Đại học Thủ Dầu Một | ||